| 000 | 00679nam a2200181Ia 4500 | ||
|---|---|---|---|
| 008 | 100917s9999 xx 000 0 und d | ||
| 082 | _b51241 | ||
| 100 | _aखांडेकर भालचंद्र / अदवंत म. ना. - संपा. | ||
| 245 | _aज्ञानेश्वरी अध्याय 6 वा | ||
| 260 |
_bअनमोल प्रकाशन _c1978 |
||
| 300 | _a119 | ||
| 365 | _b12 | ||
| 520 | _aअध्यात्म | ||
| 630 | _aज्ञानेश्वरी अध्याय 6 वा | ||
| 650 | _aअध्यात्म | ||
| 730 | _aज्ञानेश्वरी अध्याय 6 वा | ||
| 942 | _cBOOK | ||
| 999 |
_c656635 _d656632 |
||